Manažérske účtovníctvo ako nástroj zabezpečovania informácií pre strategické riadenie

Uložené v:
Podrobná bibliografia
Hlavný autor: Antalová, Renáta
Médium: Kapitola
Jazyk:Slovak
Tagy: Pridať tag
Žiadne tagy, Buďte prvý, kto otaguje tento záznam!

MARC

LEADER 00000nla$a2200000$$$4500
001 0061984
005 20240502071710.8
041 0 |a slo 
044 |a SK 
245 1 0 |a Manažérske účtovníctvo ako nástroj zabezpečovania informácií pre strategické riadenie  |c Renáta Antalová 
100 1 |a Antalová, Renáta